Principles of Digital Computer Operation /

Salvato in:
Dettagli Bibliografici
Autore principale: Freedman, David M. (Autore)
Natura: Libro
Lingua:inglese
Pubblicazione: New York John Wiley & Sons, Inc. 1972
Edizione:1. vyd.
Tags: Aggiungi Tag
Nessun Tag, puoi essere il primo ad aggiungerne!!

MARC

LEADER 00000nam a22000003a 4500
001 0094529
003 SK-STU
005 20220317155454.2
007 ta
008 220317s ----xo-----e------000-0-----d
020 |a 0 471 27731 2 
040 |a STU  |b slo 
041 0 |a eng 
044 |a xxu 
100 1 |a Freedman, David M.  |4 aut 
245 1 0 |a Principles of Digital Computer Operation /  |c aut. David M Freedman 
250 |a 1. vyd. 
260 |a New York  |b John Wiley & Sons, Inc.  |c 1972 
300 |a 223 s. 
996 |c I*20PS1662/74  |l I  |s A  |a 24  |w 0094529_0001